000 00671nam a2200205 i 4500
001 147800
003 ES-MaACL
005 20260612132717.0
007 t|
008 071005s1957 sp ||||1| spa d
080 _a1(Carlini, Armando)
100 1 _aUscatescu, Jorge,
_d1919-1995
_9112293
245 1 0 _aFilosofía italiana contemporánea
_b: Armando Carlini /
_cJorge Uscatescu.
260 _aMadrid :
_b[s.n.],
_c1957.
300 _ap. 303 a 319 ;
_c24 cm.
500 _aPublicado en la "Revista de Filosofía", t. XVI, núm. 62 del Instituto "Luis Vives"
600 1 4 _aCarlini, Armando.
_935278
852 _aES-MaACL
_j2028-F-26
_bR.48781
999 _c147800
_d147800